000 00616nam a2200229Ia 4500
003 OSt
005 20220918201535.0
006 a|||||r|||| 00| 0
007 ta
008 220917b |||||||| |||| 00| 0 eng d
024 _a94,663
037 _cTextual
040 _aARTS
_cARTS
_beng
041 _2eng
_aeng
082 _aV1N45:28, J0 (EV)
100 _aLevi Werner
_999352
245 0 _aFundamentals of world organization
260 _aMinnesota
_bUniv of Minnesota Press
_c1953
650 _aHISTORY
942 _hV1N45:28, J0 (EV)
_cTEXL
_2CC
999 _c218288
_d218288